| 000 | 00939nam a2200241 a 4500 | ||
|---|---|---|---|
| 001 | 000041185 | ||
| 005 | 20201002034705.0 | ||
| 008 | 101220s2002 sp r 000 0 spa d | ||
| 020 | _a8484831515 | ||
| 040 |
_aDO-SdBNP _bspa _cBNPHU |
||
| 082 |
_axxxx _bxxxx |
||
| 100 | 1 |
_aCarmona Vázquez, Antonio _967748 |
|
| 245 | 1 | 0 |
_aCoindencias de lo trágico entre Eurípides y Federico García Lorca / _cAntonio Carmona Vázquez ; prólogo Manuel J. Ramos Ortega. |
| 260 |
_aAlcañiz : _bInstituto de Estudios Humanísticos ; _aMadrid : _bLaberinto, _c2002. |
||
| 300 |
_a190 p. ; _c25 cm . |
||
| 490 | 1 |
_aTextos y estudios humanísticos _aestudio _v3 |
|
| 504 | _aBibliografía : p. 165-187 | ||
| 500 | _aIncluye índice | ||
| 504 | _aIncluye referencias bibliográficas y notas al pie de las páginas | ||
| 700 | 1 |
_aRamos Ortega, Manuel J. _epról. _967749 |
|
| 830 | 0 |
_aTextos y estudios humanísticos ; _pestudio _v2 _967750 |
|
| 049 | _aBNGR | ||
| 999 |
_c40675 _d40675 |
||